Timeline of the Great Powers of the World - Statistics

General Stats
  • This quiz has been taken 284 times
  • The average score is 14 of 16
Answers on the Map
Answers color-coded by a green-red scale on the quiz's map according to % correct below.
 
Answer Stats
Answer % Correct
China
99%
Soviet Union
99%
United Kingdom
98%
United States
98%
France
97%
Spain
96%
Germany
93%
Japan
93%
Portugal
91%
Italy
88%
Mughal Empire
85%
Ottoman Empire
84%
Netherlands
83%
Austria
73%
Polish-Lithuanian Commonwealth
63%
Sweden
60%
No matching quizzes found
Score Distribution
Percent of People with Each Score
Percentile by Number Answered
Your Score History
You have not taken this quiz